[Event "Timbo op 3rd"]
[Site "Timbo"]
[Date "2023.11.03"]
[Round "1"]
[White "Umetsubo, Cesar Hidemitsu"]
[Black "De Freitas, Sidinei Melo"]
[Result "1-0"]
[WhiteElo "2357"]
[BlackElo "1440"]
[PlyCount "61"]
[EventDate "2023.11.03"]
[EventType "swiss"]
[EventRounds "6"]
[EventCountry "BRA"]
[SourceTitle "CB49_2023"]
[SourceDate "2023.12.06"]
[SourceVersion "1"]
[SourceVersionDate "2023.12.06"]
[SourceQuality "1"]

1. e4 c6 2. d4 d5 3. e5 Bf5 4. Nf3 e6 5. Be2 c5 6. Be3 cxd4 7. Nxd4 Bg6 8. 0-0 Nd7 9. c4 Ne7 10. Nc3 Nf5 11. Nxf5 Bxf5 12. cxd5 Nxe5 13. Qa4+ Nd7 14. g4 Bg6 15. dxe6 fxe6 16. Rad1 a6 17. Bb6 Qc8 18. Bf3 Be7 19. Bg2 Bc2 20. Qxc2 Nxb6 21. Qb3 Bd8 22. Rd6 0-0 23. Rxb6 Bxb6 24. Qxb6 Rb8 25. Re1 e5 26. h3 Qd8 27. Bd5+ Kh8 28. Qxd8 Rbxd8 29. Rxe5 b5 30. a3 Rfe8 31. f4 1-0

[Event "Timbo U2200 op 2nd"]
[Site "Timbo"]
[Date "2022.08.14"]
[Round "5"]
[White "De Freitas, Sidinei Melo"]
[Black "Bashtavenko, Aleksey Stanislavov"]
[Result "0-1"]
[WhiteElo "1452"]
[BlackElo "1609"]
[PlyCount "100"]
[EventDate "2022.08.12"]
[EventType "swiss"]
[EventRounds "6"]
[EventCountry "BRA"]
[SourceTitle "EXT 2024"]
[Source "ChessBase"]
[SourceDate "2023.10.10"]
[SourceVersion "1"]
[SourceVersionDate "2023.10.10"]
[SourceQuality "1"]

1. e4 c6 2. d4 d5 3. e5 Bf5 4. Nf3 e6 5. Nc3 Nd7 6. Be3 Bb4 7. a3 Bxc3+ 8. bxc3 Qa5 9. Qd2 c5 10. Nh4 Ne7 11. Bd3 Bxd3 12. Qxd3 c4 13. Qd2 Qa4 14. 0-0 Nc6 15. f4 g6 16. Nf3 0-0-0 17. Bf2 h6 18. Bh4 Rdg8 19. Bf6 Rh7 20. Rfb1 b6 21. Ra2 Ndb8 22. g4 Na6 23. g5 h5 24. h4 Nc7 25. Qc1 Kb7 26. Rab2 Rb8 27. Nd2 Ne8 28. Nf3 Kc8 29. Ra1 Rb7 30. Qb1 Ng7 31. Raa2 Nf5 32. Kf2 Qa5 33. Qe1 Qa4 34. Ke2 Ng7 35. Qb1 Qa5 36. Bxg7 Rxg7 37. Kd2 Qa4 38. Rb5 Kc7 39. Ng1 a6 40. Rbb2 Qa5 41. Ne2 Qa4 42. Nc1 Qa5 43. a4 Nxd4 44. Rb4 Nf5 45. Rab2 Qc5 46. Ne2 Qe3+ 47. Ke1 Nxh4 48. Rxb6 Rxb6 49. a5 Rxb2 50. Qxb2 Nf3+ 0-1

[Event "Timbo U2200 op 2nd"]
[Site "Timbo"]
[Date "2022.08.13"]
[Round "2"]
[White "Bisesar, Maycon da Costa"]
[Black "De Freitas, Sidinei Melo"]
[Result "1-0"]
[WhiteElo "1765"]
[BlackElo "1452"]
[PlyCount "55"]
[EventDate "2022.08.12"]
[EventType "swiss"]
[EventRounds "6"]
[EventCountry "BRA"]
[SourceTitle "EXT 2024"]
[Source "ChessBase"]
[SourceDate "2023.10.10"]
[SourceVersion "1"]
[SourceVersionDate "2023.10.10"]
[SourceQuality "1"]

1. d4 Nf6 2. c4 e6 3. Nc3 Bb4 4. Qc2 0-0 5. Nf3 d5 6. cxd5 Nxd5 7. e4 Ne7 8. Bd3 c5 9. Be3 cxd4 10. Bxd4 Nbc6 11. Be3 Ng6 12. 0-0 Nge5 13. Be2 Nxf3+ 14. Bxf3 Nd4 15. Bxd4 Qxd4 16. Ne2 Qb6 17. Rad1 Bd6 18. Nc1 Bd7 19. e5 Bb5 20. Rxd6 Qa5 21. Rfd1 Rac8 22. Qd2 Qc7 23. h3 Ba4 24. b3 Bb5 25. a4 Ba6 26. b4 b6 27. b5 Bb7 28. Rd7 1-0

[Event "Timbo op 2nd"]
[Site "Timbo"]
[Date "2022.02.17"]
[Round "1"]
[White "Rodrigues, Edgar"]
[Black "De Freitas, Sidinei Melo"]
[Result "1-0"]
[WhiteElo "2345"]
[BlackElo "1434"]
[PlyCount "49"]
[EventDate "2022.02.17"]
[EventType "swiss"]
[EventRounds "7"]
[EventCountry "BRA"]
[SourceTitle "EXT 2023"]
[Source "ChessBase"]
[SourceDate "2022.10.05"]
[SourceVersion "1"]
[SourceVersionDate "2022.10.05"]
[SourceQuality "1"]

1. e4 c6 2. d4 d5 3. f3 Nd7 4. Nc3 Nb6 5. Bf4 e6 6. Qd2 Nf6 7. e5 Nfd7 8. 0-0-0 c5 9. dxc5 Bxc5 10. Bd3 a6 11. Nh3 Bd4 12. Ng5 Qc7 13. Bg6 Bxc3 14. Bxf7+ Ke7 15. Qxc3 Qxc3 16. bxc3 h6 17. Nxe6 Kxf7 18. Nc7 g5 19. e6+ Ke7 20. Be3 Rb8 21. exd7 Nxd7 22. Ba7 Rd8 23. Rxd5 b5 24. Bxb8 Nxb8 25. Rxd8 1-0

[Event "Pan American-ch U1700"]
[Site "Timbo"]
[Date "2021.12.02"]
[Round "4"]
[White "Da Cunha, Gastao"]
[Black "De Freitas, Sidinei Melo"]
[Result "1-0"]
[WhiteElo "1564"]
[BlackElo "1487"]
[PlyCount "113"]
[EventDate "2021.12.01"]
[EventType "swiss"]
[EventRounds "9"]
[EventCountry "BRA"]
[SourceTitle "CBM 205 Extra"]
[Source "ChessBase"]
[SourceDate "2022.01.31"]
[SourceVersion "1"]
[SourceVersionDate "2022.01.31"]
[SourceQuality "1"]

1. e4 c6 2. d4 d5 3. exd5 cxd5 4. Bd3 Nc6 5. c3 Nf6 6. Nf3 Bg4 7. 0-0 e6 8. Bg5 Bd6 9. Nbd2 Qc7 10. Qa4 Bxf3 11. Nxf3 Ne4 12. Bh4 0-0 13. Bg3 a6 14. Bxd6 Qxd6 15. Rfe1 b5 16. Qd1 f5 17. Nd2 Qf4 18. Re2 Rf6 19. Nf1 Raf8 20. Qe1 Ng5 21. Re3 Rg6 22. Rg3 e5 23. dxe5 Nxe5 24. Be2 Re8 25. Qd2 Qxd2 26. Nxd2 f4 27. Rxg5 Rxg5 28. h4 Rf5 29. Kf1 Nc4 30. Bxc4 dxc4 31. Nf3 h6 32. Rd1 Rf6 33. a3 Rfe6 34. Nd4 Rd6 35. f3 Kf7 36. Kf2 Kf6 37. Rd2 Re3 38. g4 g5 39. h5 Ke5 40. Rd1 Rxd4 41. Rxd4 Rd3 42. Re4+ Kf6 43. Ke2 Re3+ 44. Rxe3 fxe3 45. Kxe3 Ke5 46. Ke2 Kf4 47. Kf2 a5 48. Ke2 Kg3 49. Ke3 Kh4 50. Kd4 Kg3 51. Ke4 Kf2 52. f4 Ke2 53. fxg5 Kd2 54. gxh6 Kc2 55. h7 Kxb2 56. h8Q Kxa3 57. h6 1-0

[Event "Pan American-ch U1700"]
[Site "Timbo"]
[Date "2021.12.02"]
[Round "3"]
[White "De Freitas, Sidinei Melo"]
[Black "Cuco, Gustavo Henrique"]
[Result "1-0"]
[WhiteElo "1487"]
[BlackElo "1153"]
[PlyCount "35"]
[EventDate "2021.12.01"]
[EventType "swiss"]
[EventRounds "9"]
[EventCountry "BRA"]
[SourceTitle "CBM 205 Extra"]
[Source "ChessBase"]
[SourceDate "2022.01.31"]
[SourceVersion "1"]
[SourceVersionDate "2022.01.31"]
[SourceQuality "1"]

1. e4 e5 2. Bc4 Bc5 3. Nc3 Nf6 4. d3 Nc6 5. f4 d6 6. Nf3 0-0 7. Na4 Bb6 8. Nxb6 axb6 9. fxe5 Nxe5 10. Nxe5 dxe5 11. Bg5 Re8 12. 0-0 h6 13. Bxf6 gxf6 14. Qh5 Be6 15. Qxh6 Bxc4 16. Rf3 Qd4+ 17. Kh1 Qxb2 18. Rg3# 1-0

[Event "Timbo op"]
[Site "Timbo"]
[Date "2021.06.12"]
[Round "2"]
[White "De Freitas, Sidinei Melo"]
[Black "Mariani, Daniel Brandao"]
[Result "0-1"]
[WhiteElo "1475"]
[BlackElo "2033"]
[PlyCount "106"]
[EventDate "2021.06.11"]
[EventType "swiss"]
[EventRounds "6"]
[EventCountry "BRA"]
[SourceTitle "EXT 2022"]
[Source "ChessBase"]
[SourceDate "2021.10.06"]
[SourceVersion "1"]
[SourceVersionDate "2021.10.06"]
[SourceQuality "1"]

1. e4 c6 2. d4 d5 3. Nc3 dxe4 4. Nxe4 Bf5 5. Ng3 Bg6 6. Nf3 Nd7 7. Bd3 Bxd3 8. Qxd3 Ngf6 9. 0-0 e6 10. Bf4 Be7 11. Rad1 0-0 12. Ng5 h6 13. N5e4 Nxe4 14. Nxe4 Nf6 15. h3 Qd5 16. Rfe1 Rfd8 17. Be5 Nxe4 18. Rxe4 Bd6 19. c4 Qa5 20. Bxd6 Rxd6 21. a3 Rad8 22. b4 Qc7 23. Qg3 Qe7 24. Qf4 b6 25. Rd3 Qg5 26. Qf3 Qc1+ 27. Kh2 Qxc4 28. Rc3 Qd5 29. Qe3 Qg5 30. Qxg5 hxg5 31. Re5 f6 32. Re4 Kf7 33. Kg3 Rxd4 34. Rxd4 Rxd4 35. Kf3 Rd6 36. Ke3 e5 37. g3 Ke6 38. f4 exf4+ 39. gxf4 gxf4+ 40. Kxf4 g5+ 41. Kf3 f5 42. a4 Kd7 43. Ke3 Re6+ 44. Kf3 Re4 45. b5 c5 46. Ra3 Rh4 47. Rd3+ Ke6 48. Re3+ Kd5 49. Rd3+ Rd4 50. Ra3 c4 51. Ke3 Rd3+ 52. Rxd3+ cxd3 53. Kxd3 Ke5 0-1

[Event "Timbo op"]
[Site "Timbo"]
[Date "2021.02.21"]
[Round "5"]
[White "De Freitas, Sidinei Melo"]
[Black "Nones, Vinicius Gabriel"]
[Result "1-0"]
[WhiteElo "1504"]
[BlackElo "1117"]
[PlyCount "107"]
[EventDate "2021.02.19"]
[EventType "swiss"]
[EventRounds "6"]
[EventCountry "BRA"]
[SourceTitle "EXT 2022"]
[Source "ChessBase"]
[SourceDate "2021.10.06"]
[SourceVersion "1"]
[SourceVersionDate "2021.10.06"]
[SourceQuality "1"]

1. e4 e6 2. d4 d5 3. Nc3 Nf6 4. e5 Nfd7 5. f4 c5 6. Nf3 Nc6 7. Be3 cxd4 8. Nxd4 Nxd4 9. Bxd4 a6 10. Bd3 Bc5 11. Bxc5 Nxc5 12. Qg4 Nxd3+ 13. cxd3 0-0 14. d4 Bd7 15. 0-0-0 Rc8 16. Kb1 b5 17. Ne2 Qc7 18. Nc1 b4 19. Nb3 Qc2+ 20. Ka1 Bb5 21. Rc1 Qe4 22. Rxc8 Rxc8 23. Nc5 Qg6 24. Qf3 Rc7 25. g4 f5 26. h3 h6 27. Re1 fxg4 28. hxg4 Rf7 29. f5 exf5 30. gxf5 Qxf5 31. Qxd5 Kh8 32. Qg2 Qf1 33. Rxf1 Rxf1+ 34. Qxf1 Bxf1 35. d5 Bb5 36. d6 Kg8 37. e6 Kf8 38. Nd7+ Ke8 39. Ne5 a5 40. Ng6 h5 41. b3 a4 42. Kb2 Bd3 43. Ne5 Bb5 44. bxa4 Bxa4 45. a3 h4 46. axb4 h3 47. Ng4 Bd7 48. exd7+ Kxd7 49. Kc3 Kxd6 50. Kc4 Kc6 51. b5+ Kb6 52. Kb4 g6 53. Kc4 g5 54. Kb4 1-0